00279nam a2200109Ia 4500008004100000082001300041100001800054245004300072260003700115300000900152650000800161191201s2011 xx 000 0 und d a657bDUC aDUTTA, Manash 0aCost Accounting Principal and Practice aN.DelhibPearson Educationc2011 aMISC aMBA